000 00489nam a2200157 i 4500
001 59358
003 ES-MaACL
005 20230906164022.0
007 t|
008 031028s1902 sp ||||1| spa d
100 1 _aEnciso Núñez, Gabriel.
_947190
245 1 0 _aA la libertad
_b: oda patriótica : fiestas de mayo : soneto /
_cG. Enciso Núñez.
260 _aMadrid :
_b[s.n.],
_c1902 (
_fImp. y librería de Enrique Barea)
300 _a14 p. ;
_c22 cm.
852 _aES-MaACL
_jT-1015-F-8
999 _c59358
_d59358